[Event "14th Poti Open-A 2019"]
[Site "Poti"]
[Date "2019.07.16"]
[Round "5.7"]
[White "Hayrapetyan, Hovik"]
[Black "Yeritsyan, Hayk"]
[Result "1-0"]
[WhiteElo "2465"]
[BlackElo "2210"]
[Annotator "TA"]
[PlyCount "109"]
[EventDate "2019.07.13"]
[EventType "swiss"]
[EventCountry "GEO"]
[SourceTitle "playchess.com"]
[Source "ChessBase"]
[SourceQuality "1"]

{[%evp 20,109,19,11,15,8,10,0,3,-4,36,-2,31,24,33,0,0,-5,14,10,30,27,39,24,33,0,88,80,82,85,83,93,133,115,104,104,107,103,122,122,120,116,128,118,114,119,120,114,131,84,169,168,172,170,162,164,145,161,201,186,207,210,205,204,227,225,200,74,121,88,297,297,297,297,297,283,322,312,714,679,697,691,676,634,1973,1661,29974,29963,29990,29991,29991,29992]} 1. Nf3 Nf6 2. c4 g6 3. g3 Bg7 4. Bg2 O-O 5. O-O d6 6. d4 c6 7. Nc3 Bf5 8. b3 Ne4 9. Bb2 Nxc3 10. Bxc3 Be4 11. Qd2 e6 {E62: King's Indian: Fianchetto: 6...c6 and Panno Variation (6...Nc6) without ...a6} 12. Rad1 $146 ({Predecessor:} 12. Qf4 d5 13. Bb4 Re8 14. Ng5 Bf5 15. Rad1 Na6 16. Bc3 h6 17. Nf3 Rc8 18. Ne5 f6 19. Nd3 Bxd3 20. Rxd3 {½-½ (27) Garriga Cazorla,P (2400)-Vocaturo,D (2592) Benasque 2017}) 12... d5 13. Qf4 a5 {The position is equal.} 14. h4 h6 15. Bh3 Bxf3 16. Qxf3 f5 17. cxd5 cxd5 18. Rd2 Nd7 19. Rc2 g5 20. hxg5 hxg5 {White should prevent ...g4.} 21. Qe3 $36 {[%mdl 2048] White has good play.} Qf6 22. Bd2 Nb8 (22... g4 $1 $11 {keeps the balance.} 23. Bg2 Nb8) 23. Qxg5 $16 Qxg5 24. Bxg5 Bxd4 25. g4 $1 fxg4 26. Bxg4 Ra6 27. e3 Bf6 28. Bf4 e5 29. Bg3 Rc6 30. Rd2 d4 31. exd4 exd4 32. Bf3 Rb6 33. Bd5+ Kg7 34. f4 {Hoping for Rg2.} Nc6 {[#]} (34... Rb5 $16 35. Be4 Nc6) 35. Rg2 $1 $18 Ne7 36. Be1+ Kh8 37. Rh2+ Kg7 38. Bc4 Ra8 39. Rf3 {Strongly threatening Rfh3.} a4 {[#]} 40. Rfh3 $1 {[%cal Rh3h7] Rh7+ is the strong threat.} axb3 41. Bxb3 {And now Rh7+ would win.} Rc8 42. Rh7+ Kg6 43. R2h6+ Kf5 44. Rxe7 Rxb3 $2 {[#]} (44... Bxe7 $16 {was worth a try.} 45. Rxb6 Rc1) 45. Rxf6+ $1 {[%mdl 576] Remove Defender} Kxf6 $16 {[%mdl 4096] Endgame KRR-KRB} 46. Bh4+ Kf5 47. axb3 $18 {KRB-KR} Rc1+ 48. Kf2 b6 $2 (48... Kxf4 49. Bg3+ Kf5 50. Re5+ Kf6) 49. Re5+ Kg4 50. Bg5 Rc2+ 51. Ke1 Kf3 52. f5 Rg2 53. f6 {White mates.} d3 54. f7 d2+ 55. Kd1 {Accuracy: White = 60%, Black = 40%.} 1-0

[Event "14th Poti Open-A 2019"]
[Site "Poti"]
[Date "2019.07.16"]
[Round "5.8"]
[White "Eynullayev, Atilla"]
[Black "Shahinyan, David"]
[Result "0-1"]
[WhiteElo "2228"]
[BlackElo "2445"]
[Annotator "TA"]
[PlyCount "96"]
[EventDate "2019.07.13"]
[EventType "swiss"]
[EventCountry "GEO"]
[SourceTitle "playchess.com"]
[Source "ChessBase"]
[SourceQuality "1"]

{[%evp 11,96,0,24,39,34,0,0,0,0,0,0,0,0,0,4,0,-5,-31,-6,-12,48,44,55,27,39,20,56,54,43,53,72,14,61,63,47,44,66,0,0,0,83,85,375,370,236,84,160,0,0,0,0,-41,-60,-59,-44,-44,0,-58,-58,-60,0,-20,-5,-21,0,-179,-202,-346,-200,-458,-403,-413,-383,-1489,-1365,-992,-427,-342,-278,-5901,-5680,-5197,-5185,-29983,-29982,-29982,-29983]} 1. e4 e6 2. d4 d5 3. e5 c5 4. c3 Nc6 5. Nf3 Qb6 6. a3 Nh6 7. b4 {C02: French: Advance Variation} cxd4 8. b5 Na5 $1 9. Bxh6 {The position is equal.} gxh6 10. cxd4 Bd7 11. Nbd2 $1 Rg8 12. g3 Rg4 13. h3 $146 {[%mdl 2048] Black is under pressure.} ({Predecessor:} 13. Bh3 Re4+ 14. Nxe4 dxe4 {½-½ (37) Jones,G (2670)-Narayanan,S (2549) Sandavagur 2018}) 13... Rxd4 14. Be2 {[#]} Rxd2 $1 {[%mdl 512]} 15. Nxd2 (15. Qxd2 Nb3) 15... Bc5 (15... Bxb5 $11 16. O-O Rc8) 16. O-O $14 Bd4 17. Nf3 Bxa1 18. Qxa1 Rc8 19. Qb1 Qc5 $1 20. Qxh7 Qf8 21. Nh2 (21. Rd1 $16) 21... Nc4 $11 22. Ng4 $1 Bxb5 23. Nxh6 Rc7 (23... Nxa3 $2 24. Nxf7 $1 {[%mdl 512]} Bxe2 25. Nd6+ Kd8 26. Qxb7 $18) 24. f4 ({White should play} 24. Ng4 $14) 24... Kd8 25. f5 exf5 ({But not} 25... Nxa3 $2 26. fxe6 (26. Bxb5 Nxb5 27. fxe6 Qc5+ 28. Kh1 fxe6 $14) 26... Qc5+ 27. Kg2 $18) (25... Qxa3 $11 {remains equal.} 26. Nxf7+ Rxf7 $1 {[%mdl 512]} 27. Qxf7 Qxg3+ {[%mdl 64] Double Attack} 28. Kh1 Qxh3+ 29. Kg1 Qg3+ 30. Kh1 Qxe5 31. Qxb7 Qe4+ 32. Kg1 Qe3+ 33. Rf2 Qg3+ 34. Rg2 Qe3+ 35. Kh2 Qh6+ 36. Kg1 Qe3+ 37. Kh2 Qf4+ 38. Kh1 Qh6+ 39. Rh2 Qc1+ 40. Kg2 Qg5+ 41. Kh1 Qc1+ 42. Kg2 Qg5+ 43. Kh1 Qc1+) 26. Nxf5 $16 Rd7 $2 {[%mdl 8192]} (26... Kc8 $16) 27. Qh4+ $18 Kc8 28. Bxc4 $2 (28. Nd4 $18 {has better winning chances. Hoping for e6.} a6 29. Nxb5 axb5 30. Bg4) 28... Bxc4 (28... Qc5+ $142 29. Qd4 Qxd4+ 30. Nxd4 Bxc4) 29. Nd6+ $2 ({White should try} 29. Rf2 $1 $16) 29... Rxd6 $1 $11 30. exd6 {Black must now prevent Qg4+.} Bxf1 31. d7+ {[%mdl 64] Decoy} Kxd7 32. Qa4+ Ke6 33. Kxf1 $15 {[%mdl 4096] Endgame KQ-KQ} Qc5 (33... Qd6 $5 {[%cal Rd6g3]} 34. Kf2 Qc5+ 35. Ke2 d4 $17) 34. Qe8+ (34. Qg4+ $1 $11 Ke7 35. Qg5+ f6 36. Qg7+ Ke6 37. Qxb7) 34... Qe7 $1 {[%cal Re7e8]} 35. Qc8+ Ke5 (35... Qd7 $1 $15 36. Qc5 d4) 36. Qb8+ Ke4 37. Qxa7 d4 38. Qa5 $2 (38. Qa4 $1 $11 {and White is okay.}) 38... Qf6+ $19 39. Ke1 (39. Kg1 $142) 39... Qf3 (39... Qe6 $142 {Threatens to win with ...Kf3+.} 40. Qh5 d3) 40. Qg5 $2 (40. Qc7 {was called for.} Qh1+ 41. Kd2 Qg2+ 42. Kc1) 40... Qh1+ 41. Kd2 {Qe7+ is the strong threat.} Qg2+ 42. Ke1 $2 {[#]} (42. Kc1 Qg1+ 43. Kd2 Qf2+ 44. Kd1) 42... Qg1+ $1 43. Kd2 Qf2+ 44. Kd1 {[#]} f5 $1 {( -> ...Kd3)} 45. Qg8 $2 (45. Qd2 Qxg3 46. h4) 45... Qf1+ {[%mdl 64] Double Attack} 46. Kd2 Qd3+ {[%mdl 64] Double Attack} 47. Ke1 Kf3 {[%csl Gf3][%cal Rd3e2]} 48. Qa2 Qe3+ {Accuracy: White = 33%, Black = 55%.} 0-1

[Event "14th Poti Open-A 2019"]
[Site "Poti"]
[Date "2019.07.16"]
[Round "5.9"]
[White "Aliyev, Ravan"]
[Black "Melkonyan, Vardan"]
[Result "0-1"]
[WhiteElo "2385"]
[BlackElo "2232"]
[Annotator "RC"]
[PlyCount "176"]
[EventDate "2019.07.13"]
[EventType "swiss"]
[EventCountry "GEO"]
[SourceTitle "playchess.com"]
[Source "ChessBase"]
[SourceQuality "1"]
[TimeControl "40/5400+30:1800+30"]

1. d4 {[%emt 0:00:00]} d5 {[%emt 0:00:01]} 2. c4 {[%emt 0:00:04]} c6 {[%emt 0:00:04]} 3. Nc3 {[%emt 0:00:09]} Nf6 {[%emt 0:00:08]} 4. Nf3 {[%emt 0:00:08]} e6 {[%emt 0:00:05]} 5. g3 {[%emt 0:00:16]} Nbd7 {[%emt 0:02:34]} 6. Bg2 {[%emt 0:00:14]} dxc4 {[%emt 0:01:06]} 7. O-O {[%emt 0:01:20]} b5 {[%emt 0:10:17]} 8. e4 {[%emt 0:01:22]} b4 {[%emt 0:06:32]} 9. e5 {[%emt 0:01:23]} Nd5 {[%emt 0:02:23]} 10. Ne4 {[%emt 0:00:46]} Be7 {[%emt 0:04:43]} 11. Bg5 {[%emt 0:12:15]} Bxg5 {[%emt 0:01:13]} 12. Nfxg5 {[%emt 0:00:02]} O-O {[%emt 0:00:20]} 13. Nxh7 Kxh7 {[%emt 0:00:36]} 14. Qh5+ {[%emt 0:10:17]} Kg8 {[%emt 0:00:04]} 15. Ng5 {[%emt 0:00:06]} N7f6 {[%emt 0:16:50]} 16. Qh4 {[%emt 0:07:09]} Re8 {[%emt 0:00:05]} 17. Rfe1 {[%emt 0:01:51]} c3 {[%emt 0:34:51]} 18. bxc3 {[%emt 0:03:29]} bxc3 {[%emt 0:00:02]} 19. Rac1 {[%emt 0:07:58]} Ba6 {[%emt 0:00:13]} 20. exf6 {[%emt 0:03:16]} Qxf6 {[%emt 0:00:05]} 21. Qh7+ {[%emt 0:01:11]} Kf8 {[%emt 0:00:02]} 22. Qh5 {[%emt 0:07:31]} Bd3 {[%emt 0:07:32]} 23. Bxd5 {[%emt 0:10:33]} cxd5 {[%emt 0:02:31]} 24. Rxc3 {[%emt 0:00:01]} Bg6 {[%emt 0:03:13]} 25. Qh4 {[%emt 0:00:02]} Kg8 {[%emt 0:00:39]} 26. Rf3 {[%emt 0:03:48]} Qe7 {[%emt 0:01:39]} 27. g4 {[%emt 0:02:59]} Qb4 {[%emt 0:00:40]} 28. Rd1 {[%emt 0:00:07]} f6 {[%emt 0:01:41]} 29. Rh3 {[%emt 0:02:32]} fxg5 {[%emt 0:01:41]} 30. Qh8+ {[%emt 0:00:08]} Kf7 {[%emt 0:00:04]} 31. Rf3+ {[%emt 0:00:04]} Bf5 {[%emt 0:00:18]} 32. Qh5+ {[%emt 0:00:01]} g6 {[%emt 0:02:04]} 33. Qxg5 {[%emt 0:03:20]} Qe7 {[%emt 0:00:36]} 34. Qf4 {[%emt 0:01:12]} Kg7 {[%emt 0:00:33]} 35. gxf5 {[%emt 0:00:44]} exf5 {[%emt 0:00:01]} 36. Rh3 {[%emt 0:06:33]} Qe4 {[%emt 0:01:22]} 37. Qh6+ {[%emt 0:00:53]} Kf6 {[%emt 0:00:01]} 38. Rg3 {[%emt 0:00:33]} Rg8 {[%emt 0:01:22]} 39. Rc1 {[%emt 0:00:50]} Rae8 {[%emt 0:00:22]} 40. Rc6+ {[%emt 0:00:00]} Re6 {[%emt 0:00:00]} 41. Qg5+ {[%emt 0:07:37]} Kf7 {[%emt 0:00:17]} 42. Re3 {[%emt 0:00:21]} Rxc6 {[%emt 0:04:13]} 43. Rxe4 {[%emt 0:00:17]} dxe4 {[%emt 0:00:06]} 44. h4 {[%emt 0:09:31]} Rd6 {[%emt 0:04:11]} 45. Qf4 {[%emt 0:01:31]} Rgd8 {[%emt 0:02:14]} 46. h5 {[%emt 0:01:42]} Rd5 {[%emt 0:01:24]} 47. Qg5 {[%emt 0:03:46]} R8d6 {[%emt 0:02:54]} 48. Kf1 {[%emt 0:00:02]} a6 {[%emt 0:00:38]} 49. Qh6 {[%emt 0:04:33]} gxh5 {[%emt 0:00:19]} 50. Qxh5+ {[%emt 0:00:01]} Ke7 {[%emt 0:00:14]} 51. Qh7+ {[%emt 0:00:22]} Ke6 {[%emt 0:00:17]} 52. Qg6+ {[%emt 0:01:41]} Kd7 {[%emt 0:00:08]} 53. Qf7+ {[%emt 0:00:01]} Kc6 {[%emt 0:00:21]} 54. Ke2 {[%emt 0:02:18]} Kb5 {[%emt 0:13:37]} 55. Ke3 {[%emt 0:11:05]} Ka4 {[%emt 0:01:25]} 56. Qb7 {[%emt 0:00:05]} Rb5 {[%emt 0:01:52]} 57. Qc7 {[%emt 0:00:19]} Rh6 {[%emt 0:00:39]} 58. Qc4+ {[%emt 0:07:26]} Ka3 {[%emt 0:01:16]} 59. Qc1+ {[%emt 0:01:03]} Kxa2 {[%emt 0:00:30]} 60. Qc2+ {[%emt 0:00:02]} Ka3 {[%emt 0:00:22]} 61. Qc1+ {[%emt 0:00:06]} Ka4 {[%emt 0:01:59]} 62. Qc4+ {[%emt 0:00:20]} Ka5 {[%emt 0:00:24]} 63. Qc7+ {[%emt 0:01:02]} Kb4 {[%emt 0:01:04]} 64. Qe7+ {[%emt 0:01:00]} Ka4 {[%emt 0:00:04]} 65. Kf4 {[%emt 0:00:38]} Rh3 {[%emt 0:02:03]} 66. Qe6 {[%emt 0:00:01]} Rf3+ {[%emt 0:00:50]} 67. Kg5 {[%emt 0:00:01]} Rxf2 {[%emt 0:00:24]} 68. Qxa6+ {[%emt 0:00:13]} Kb4 {[%emt 0:00:06]} 69. Qd6+ {[%emt 0:00:15]} Ka4 {[%emt 0:00:37]} 70. Qa6+ {[%emt 0:00:13]} Kb4 {[%emt 0:00:02]} 71. Qd6+ {[%emt 0:00:02]} Kb3 {[%emt 0:00:26]} 72. Qc6 {[%emt 0:00:19]} Rb4 {[%emt 0:00:36]} 73. Qe6+ {[%emt 0:00:08]} Kc3 {[%emt 0:00:41]} 74. d5 {[%emt 0:00:00]} Rd4 {[%emt 0:00:42]} 75. Qc6+ {[%emt 0:01:25]} Kd3 {[%emt 0:00:40]} 76. Qb5+ {[%emt 0:01:44]} Ke3 {[%emt 0:00:21]} 77. Qc5 {[%emt 0:00:36]} Rfd2 {[%emt 0:01:07]} 78. d6 {[%emt 0:01:25]} f4 {[%emt 0:00:25]} 79. Qc3+ {[%emt 0:00:39]} R4d3 {[%emt 0:00:15]} 80. Qc5+ {[%emt 0:00:19]} Kf3 {[%emt 0:00:15]} 81. Qc1 {[%emt 0:00:13]} Rd5+ {[%emt 0:00:12]} 82. Kf6 {[%emt 0:00:02]} Rxd6+ {[%emt 0:00:09]} 83. Ke7 {[%emt 0:00:07]} Kg2 {[%emt 0:01:00]} 84. Qc4 {[%emt 0:00:21]} f3 {[%emt 0:00:08]} 85. Qg8+ {[%emt 0:00:11]} Kf2 {[%emt 0:00:14]} 86. Qg5 {[%emt 0:00:01]} e3 {[%emt 0:00:23]} 87. Qh4+ {[%emt 0:00:01]} Ke2 {[%emt 0:00:05]} 88. Qh5 {[%emt 0:00:04]} R6d5 {[%emt 0:01:08]} 0-1

[Event "14th Poti Open-A 2019"]
[Site "Poti"]
[Date "2019.07.16"]
[Round "5.10"]
[White "Ohanyan, Emin"]
[Black "Gharibyan, Mamikon"]
[Result "1/2-1/2"]
[WhiteElo "1950"]
[BlackElo "2350"]
[Annotator "TA"]
[PlyCount "87"]
[EventDate "2019.07.13"]
[EventType "swiss"]
[EventCountry "GEO"]
[SourceTitle "playchess.com"]
[Source "ChessBase"]
[SourceQuality "1"]

{[%evp 9,87,14,30,30,30,25,27,26,31,16,24,24,30,18,15,19,24,25,25,15,27,17,12,28,22,30,33,37,24,13,35,29,35,26,47,37,67,61,73,60,66,46,77,70,68,58,62,54,52,0,0,0,0,0,0,0,20,0,0,0,0,0,0,0,0,0,4,0,0,0,0,0,0,0,0,0,4,-60,-8,-20]} 1. e4 e5 2. Nf3 Nc6 3. Bb5 a6 4. Bxc6 dxc6 5. O-O Qf6 6. d4 {C68: Ruy Lopez: Exchange Variation, sidelines} exd4 7. Bg5 Qd6 8. Nxd4 {White has an edge.} Be7 9. Bxe7 Nxe7 10. Nc3 O-O 11. Nb3 Qg6 $146 ({Predecessor:} 11... Qxd1 12. Raxd1 b6 13. Rd2 c5 {0-1 (54) Ibarra Jerez,J (2475)-Sokolov,I (2666) Villarrobledo 2007}) 12. f4 f5 13. e5 b6 14. Qf3 Be6 15. Nd4 Bc4 16. Rfd1 c5 17. Nde2 Qc6 18. Qxc6 Nxc6 19. b3 Be6 20. Nd5 Rac8 21. Rd2 Kf7 22. Rad1 b5 23. Ne3 g6 24. h3 Rfd8 25. Rxd8 Nxd8 26. g4 Nc6 $1 27. Ng3 {[%cal Rg4f5]} Ne7 28. Rd3 b4 29. c4 (29. Kg2 $14) 29... a5 $11 30. gxf5 gxf5 31. Nh5 a4 32. Nf6 h6 33. Nd7 axb3 34. axb3 Bxd7 35. Rxd7 {[%mdl 4096] [#] Endgame Black must now prevent Nxf5. KRN-KRN} Ke6 36. Rd3 Rg8+ 37. Kf2 Nc6 38. Rd5 Nd4 39. Rxc5 c6 40. Ra5 {Threatening Ra6.} Nxb3 41. Ra6 Nd4 42. Nd5 {[#] Strongly threatening Ke3.} b3 {aiming for ...Rb8.} 43. Nc7+ (43. Rb6 $11) 43... Kf7 ({Black should try} 43... Kd7 $15 44. Ra7 b2 45. Nb5+ Kd8) 44. Rb6 $1 {Accuracy: White = 49%, Black = 68%.} 1/2-1/2

[Event "14th Poti Open-A 2019"]
[Site "Poti"]
[Date "2019.07.16"]
[Round "5.11"]
[White "Nikoladze, Sopio"]
[Black "Mustafayev, Farid"]
[Result "0-1"]
[WhiteElo "2124"]
[BlackElo "2289"]
[Annotator "TA"]
[PlyCount "50"]
[EventDate "2019.07.13"]
[EventType "swiss"]
[EventCountry "GEO"]
[SourceTitle "playchess.com"]
[Source "ChessBase"]
[SourceQuality "1"]

{[%evp 9,50,0,2,-3,0,-14,-8,-5,-13,-57,-49,-59,-54,-42,-39,-100,-108,-110,-102,-139,-129,-179,-168,-157,-177,-249,-223,-298,-288,-393,-404,-368,-321,-320,-314,-396,-358,-656,-624,-599,-638,-1095,-747]} 1. d4 d5 2. Nf3 Nf6 3. e3 c5 4. b3 Nc6 5. Bb2 cxd4 6. exd4 {D04: Colle System} g6 7. h3 (7. a3 Bf5 8. Bd3 Bxd3 9. Qxd3 Bg7 10. Nbd2 O-O 11. O-O Qb6 12. c4 dxc4 13. bxc4 {0-1 (24) Golubov,S (2482)-Lysyj,I (2633) Moscow 2019}) 7... Bg7 8. Bd3 $146 {The position is equal.} ({Predecessor:} 8. Be2 O-O 9. O-O Ne4 10. Ne5 Qc7 11. Nxc6 bxc6 {1-0 (52) Walden Jones,A (2103)-Retallick,L (1992) Birmingham 2001}) 8... O-O 9. Nbd2 Nb4 10. O-O Nxd3 11. cxd3 Nh5 12. Ne5 (12. Re1 $15) 12... f6 13. Ng4 {[#]} Nf4 $1 14. Qf3 {[#]} e5 $1 {[%mdl 512]} 15. Rfe1 {[%cal Rd4e5] [#]} (15. dxe5 fxe5) 15... h5 $1 $36 {[%mdl 2048] And now ...Qa5 would win. Black is really pushing.} 16. Nh2 Qa5 17. Ndf1 (17. Nhf1 $142) 17... Bf5 $19 18. Re3 Nxd3 19. g4 hxg4 (19... Nxb2 20. gxf5 e4 21. Qg2 $17) 20. hxg4 e4 ({Weaker is} 20... Nxb2 21. gxf5 e4 22. Qe2 $11) 21. Qg3 {Threatening Rxd3.} Bd7 ({But not} 21... Nxb2 22. gxf5 g5 23. f3 $19) 22. Qd6 {and if Rxd3 works, White does fine.} Rad8 ({Don't play} 22... Nxb2 23. Qxd7 Rf7 24. Qe6 $19) 23. Bc3 $2 (23. Rxd3 exd3 24. Qg3) 23... Qxc3 {[%mdl 64] Double Attack. Black is clearly winning.} 24. Qxd5+ Rf7 25. Rxe4 Qc6 {Accuracy: White = 21%, Black = 85%.} 0-1

[Event "14th Poti Open-A 2019"]
[Site "Poti"]
[Date "2019.07.16"]
[Round "5.12"]
[White "Muradli, Mahammad"]
[Black "Shmavonyan, Areg"]
[Result "1/2-1/2"]
[WhiteElo "2454"]
[BlackElo "2207"]
[Annotator "TA"]
[PlyCount "93"]
[EventDate "2019.07.13"]
[EventType "swiss"]
[EventCountry "GEO"]
[SourceTitle "playchess.com"]
[Source "ChessBase"]
[SourceQuality "1"]

{[%evp 9,93,28,27,11,22,-6,-10,-14,-12,-7,29,25,26,26,33,24,31,14,21,16,19,13,25,0,26,0,0,0,0,0,0,0,0,0,0,0,0,0,0,-10,0,-49,0,0,0,-14,-16,-11,-12,-15,-16,-9,-5,-25,-25,-25,-25,-25,-14,-20,0,-26,0,0,0,-11,-11,-11,-11,-11,-11,-18,0,0,0,0,0,0,0,-2,0,0,0,-3,0,0]} 1. d4 d5 2. c4 c6 3. Nf3 Nf6 4. e3 Bg4 5. h3 Bh5 6. Qb3 {D11: Slav Defence: 3 Nf3 sidelines and 3...Nf6 4 e3 Bg4} (6. Bd3 {keeps more tension.} e5 7. dxe5 dxc4 8. Bxc4 Qxd1+ 9. Kxd1 Ne4 10. Ke2) (6. g4 Bg6 7. Ne5 e6 8. Nd2 Nbd7 9. h4 dxc4 10. Bxc4 Nxe5 11. dxe5 Ne4 12. h5 Nxd2 13. Bxd2 Bd3 {½-½ (49) Shankland,S (2731)-Robson,R (2667) Saint Louis 2019}) 6... Qb6 7. Qxb6 axb6 8. cxd5 Bxf3 9. gxf3 cxd5 $146 ({Predecessor:} 9... Nxd5 10. Bd2 e6 11. Nc3 Nb4 12. Rc1 Be7 13. Rg1 g6 {1-0 (33) Noga,J (2030)-Santura,J (1852) Chorzow 2009}) 10. Bb5+ Nc6 11. Bd2 e6 12. Ke2 Be7 13. Rc1 {Black must now prevent Rxc6.} Kd7 14. Nc3 Rhc8 15. Na4 Bd8 16. Rc2 Ne8 (16... Ke7 $5 {[%cal Rc6d4]}) 17. b3 (17. Bb4 $5) 17... Nd6 18. Bd3 g6 19. Rac1 Ke7 20. Kd1 f5 21. Bf1 g5 22. Nc3 Kf6 23. Nb1 Be7 24. Bd3 h5 25. Be2 h4 26. Nc3 Kf7 27. Nb5 Nxb5 28. Bxb5 Ba3 29. Rb1 Nb4 30. Rxc8 Rxc8 31. Bxb4 Bxb4 $11 {[%mdl 4096] Endgame KRB-KRB} 32. Bd3 Kf6 33. Ke2 Ra8 34. Rb2 Rc8 35. Rc2 Rxc2+ (35... Rc6 {is more complex.} 36. Kf1 Ke7 37. Ke2 Kf7 38. Kf1 Kf6) 36. Bxc2 {KB-KB. The position is equal.} Bc3 37. Kf1 b5 38. Bd3 b4 39. Bb5 e5 40. dxe5+ Kxe5 41. Bd7 b6 42. Ke2 f4 43. Bc8 Kd6 44. Bg4 Ke5 45. Bc8 Kd6 46. Bg4 Ke5 47. Bc8 {Accuracy: White = 58%, Black = 66%.} 1/2-1/2

[Event "14th Poti Open-A 2019"]
[Site "Poti"]
[Date "2019.07.16"]
[Round "5.13"]
[White "Janiashvili, Mariami"]
[Black "Gvetadze, Sofio"]
[Result "0-1"]
[WhiteElo "1993"]
[BlackElo "2316"]
[Annotator "TA"]
[PlyCount "68"]
[EventDate "2019.07.13"]
[EventType "swiss"]
[EventCountry "GEO"]
[SourceTitle "playchess.com"]
[Source "ChessBase"]
[SourceQuality "1"]

{[%evp 10,68,48,34,41,0,12,-4,16,0,-6,0,13,10,17,9,15,14,18,17,21,6,-3,-16,7,0,14,0,33,1,0,-91,-79,-88,-85,-89,-83,-84,-24,-56,-53,-41,-39,-107,-106,-539,-539,-539,-539,-529,-514,-522,-522,-843,-819,-4794,-4902,-29997,-29998,-29998,-1456]} 1. d4 Nf6 2. c4 e6 3. Nf3 b6 4. a3 Bb7 5. Nc3 d6 6. Qc2 c5 {E12: Queen's Indian: Unusual White 4th moves, 4 a3, 4 Nc3 Bb7 5 a3 and 4 Nc3 Bb7} (6... Nbd7 7. e4 e5 8. d5 a5 9. h3 g6 10. Be2 Bg7 11. Bg5 h6 12. Be3 Nh5 13. g3 Nhf6 14. Nd2 {1-0 (47) Sokolov,I (2650)-Taleb,M (2406) Dubai 2014}) 7. dxc5 bxc5 8. Bf4 Qb6 $146 {The position is equal.} ({Predecessor:} 8... Be7 9. e3 O-O 10. Bd3 Nbd7 11. O-O Qb6 12. Rfd1 h6 13. h3 Rfd8 14. Rab1 {1-0 (105) Ererdem,G (2137)-Kazik,O (1771) Antalya 2019}) 9. h3 Be7 10. e3 O-O 11. Be2 Nc6 {[%cal Bb8c6,Bc6e5,Be5g6][%mdl 32]} 12. O-O a6 13. Rfd1 Rfd8 14. Rab1 Rab8 15. Ng5 Ne5 16. Nce4 Ng6 17. Bh2 Rbc8 18. Nxf6+ gxf6 19. Nf3 (19. Ne4 {with more complications.} Nh4 20. Bf1 Qc6 21. f3 f5 22. Ng3) 19... f5 20. b4 (20. Nd2 $11 {remains equal.}) 20... Be4 $17 21. Bd3 d5 {[%cal Rc5b4]} 22. cxd5 cxb4 23. Qe2 Bxf3 ({Reject} 23... Bxd5 24. axb4 Bb7 25. b5 $11) (23... Rxd5 $17 24. axb4 Rxd3 25. Rxd3 Bxb4) 24. gxf3 Rxd5 {Threatens to win with ...b3.} 25. axb4 Rcd8 26. Ra1 (26. Bg3 $15) 26... Bxb4 27. Rxa6 $2 {[%mdl 8192] [#]} (27. Qc2 $17 Bd6 28. f4) 27... Qxa6 $1 $19 {[%mdl 512]} 28. Bxa6 Rxd1+ 29. Kg2 Nh4+ 30. Kg3 Be7 31. e4 Bf6 {[#] aiming for ...Kh8.} 32. Bc4 Kh8 {( -> ...Rg8+)} 33. exf5 Rg8+ 34. Kf4 e5+ {Accuracy: White = 20%, Black = 48%.} (34... Rd4+ $142 35. Ke3 Nxf5#) 0-1